000 00676nam a2200205 a 4500
001 000011028
005 20240412074222.0
008 091013t1986 dr a r 001 p spa d
040 _aDO-SdBNP
_bspa
_cBNPHU
082 _aRD861.44
_bS162r
100 1 _aSaldivar Rojas, Andrés Guaroa,
_d1929-
_926471
245 1 0 _aRamillete :
_bpoemario /
_cAndrés Guaroa Saldivar Rojas.
260 _aSanto Domingo :
_bIsabelita,
_c1986.
300 _a99 p. :
_bil. ;
_c20 cm.
500 _aIncluye datos biográficos del autor.
590 _aInventariado, 2018/BT
650 0 _aPoesía dominicana
_966
650 0 _aLiteratura dominicana.
_967
910 _aValidado. Control de calidad. EMS
999 _c10766
_d10766